| 000 | 00877nam0a22002531 4500 | ||
|---|---|---|---|
| 001 | rc\2726213 | ||
| 005 | 20250806211149.0 | ||
| 035 | _a(NLR Aleph) 006853685 | ||
| 090 |
_a7625 _c7625 |
||
| 100 | _a20110915d1943 u y0rusy50 ca | ||
| 101 | 0 | _arus | |
| 102 | _aRU | ||
| 105 | _aa z ||||| | ||
| 200 | 1 |
_aСредства химического вооружения фашистской Германии _eПособие для хим. разведки |
|
| 210 |
_a[Москва] _cВоениздат _d1943 |
||
| 215 |
_a48 с., 2 вкл. л. ил., без тит. л. _cил. _d11х14 см. |
||
| 700 | 1 |
_aШишов _bЛ.В. _gЛев Васильевич |
|
| 801 | 0 |
_aRU _bNLR _gpsbo |
|
| 801 | 1 |
_aRU _bELAR _2rusmarc |
|
| 852 |
_aNLR _jВ60 Г-0/44 |
||
| 942 | _cBOOK | ||
| 945 | _aРоссийская национальная библиотека | ||
| 980 | _aNB | ||
| 980 | _aBV | ||